| 000 | 00949nam a22002657a 4500 | ||
|---|---|---|---|
| 005 | 20170824103542.0 | ||
| 010 | _a1516EN07 ENG-114667 | ||
| 020 |
_a9781784751920 _c399.00 |
||
| 035 | _aEN-98199 | ||
| 035 | _aB-602128-148 | ||
| 035 | _aB-667750 | ||
| 037 |
_adpl _bKKP/Ven |
||
| 037 | _bDBAD/PUB | ||
| 082 | _aN | ||
| 100 | _aPatterson, James | ||
| 245 |
_aNypd red 3 / _cby James Patterson [and] Marshall Karp |
||
| 260 |
_aUK _bPenguin _c2015 |
||
| 270 |
_a20 Vauxhall Bridge Road _bLondon _eSWIV 25A |
||
| 300 |
_a434p. _c21cm(pbk) |
||
| 490 | _aNYPD red series | ||
| 700 | _aKarp, Marshall | ||
| 942 |
_2ddc _cEN _mPAT _hN |
||
| 999 |
_c96159 _d96159 |
||